| 000 | 00421cam a2200169ua 4500 | ||
|---|---|---|---|
| 041 |
_aeng _h |
||
| 082 |
_a512 _bBAR/AD |
||
| 100 | _aBarnard, S . | ||
| 245 |
_aAdvanced algebra / _cS Barnard. _hTextual Documents |
||
| 250 |
_a1 / _b. |
||
| 260 |
_aMelbourne,London : _bMacMillan and Company Limited , _c1960. |
||
| 300 | _a280 ; . | ||
| 504 | _a | ||
| 700 | 1 | _aChild , J M . | |
| 942 | _cBK | ||
| 999 |
_c10123 _d10123 |
||